[Event "Madrid-ch 2018-2019 - Semifinal"]
[Site "Madrid ESP"]
[Date "2019.05.14"]
[Round "9.8"]
[White "Bello Burguet, Glenier Lazaro"]
[Black "Martinez Aragon, Aitor"]
[Result "1/2-1/2"]
[WhiteElo "1961"]
[BlackElo "2038"]
[PlyCount "20"]
[EventDate "2019.05.06"]
[EventType "swiss"]
[EventRounds "9"]
[EventCountry "ESP"]
[SourceTitle "Ajedrez en Madrid"]
[Source "lmi"]
[SourceDate "2019.05.06"]
[SourceVersion "1"]
[SourceVersionDate "2019.05.20"]
[SourceQuality "2"]

1. d4 Nf6 2. Nf3 e6 3. c4 Bb4+ 4. Bd2 a5 5. a3 Be7 6. Nc3 d5 7. Bg5 O-O 8. e4
c6 9. Bd3 Nbd7 10. O-O dxc4 1/2-1/2

[Event "Madrid-ch 2018-2019 - Semifinal"]
[Site "Madrid ESP"]
[Date "2019.05.14"]
[Round "9.10"]
[White "Gueler Berdasco, Martin"]
[Black "Estevez Sacristan, Deva"]
[Result "1/2-1/2"]
[WhiteElo "1917"]
[BlackElo "1999"]
[PlyCount "75"]
[EventDate "2019.05.06"]
[EventType "swiss"]
[EventRounds "9"]
[EventCountry "ESP"]
[SourceTitle "Ajedrez en Madrid"]
[Source "lmi"]
[SourceDate "2019.05.06"]
[SourceVersion "1"]
[SourceVersionDate "2019.05.20"]
[SourceQuality "2"]

1. c4 f5 2. b3 Nf6 3. Bb2 g6 4. g3 Bg7 5. Bg2 O-O 6. Nf3 d6 7. d4 Qe8 8. d5 Na6
9. O-O e5 10. dxe6 Nc5 11. Nc3 Nxe6 12. e3 Ne4 13. Qc2 Rb8 14. Nd5 Bxb2 15.
Qxb2 Qf7 16. Rac1 b6 17. Rfd1 Bb7 18. Nd4 Nxd4 19. Rxd4 Rbe8 20. Qc2 b5 21. Bf1
b4 22. a3 c6 23. Nf4 c5 24. Rd3 a5 25. Bg2 Rd8 26. Rcd1 Qf6 27. a4 g5 28. Ne2
Qe6 29. f3 Nf6 30. Qd2 h6 31. Kf2 Ne4+ 32. fxe4 fxe4+ 33. Kg1 exd3 34. Bxb7
dxe2 35. Bd5 exd1=Q+ 36. Qxd1 Rf6 37. Bxe6+ Rxe6 38. Qd5 1/2-1/2

[Event "Madrid-ch 2018-2019 - Semifinal"]
[Site "Madrid ESP"]
[Date "2019.05.14"]
[Round "9.11"]
[White "Vinas Lopez, Carlos"]
[Black "Pastor Alonso De Prado, Alberto"]
[Result "0-1"]
[WhiteElo "1884"]
[BlackElo "2094"]
[PlyCount "92"]
[EventDate "2019.05.06"]
[EventType "swiss"]
[EventRounds "9"]
[EventCountry "ESP"]
[SourceTitle "Ajedrez en Madrid"]
[Source "lmi"]
[SourceDate "2019.05.06"]
[SourceVersion "1"]
[SourceVersionDate "2019.05.20"]
[SourceQuality "2"]

1. d4 e6 2. Bf4 d5 3. e3 Nf6 4. Nd2 Bd6 5. Bg3 c5 6. c3 O-O 7. Bd3 Qc7 8. Bxd6
Qxd6 9. f4 cxd4 10. cxd4 b6 11. Qe2 a5 12. Ngf3 Ba6 13. O-O Bxd3 14. Qxd3 Nc6
15. a3 b5 16. Rac1 Rfb8 17. Ne5 Ne7 18. Rc5 b4 19. a4 Nd7 20. Nxd7 Qxd7 21.
Rfc1 Qxa4 22. Nb3 g6 23. Ra1 Qd7 24. Rcxa5 Rxa5 25. Rxa5 Nf5 26. Nc5 Qd8 27.
Ra7 Ra8 28. Rxa8 Qxa8 29. Qa6 Qb8 30. Kf2 Nxd4 31. exd4 Qxf4+ 32. Ke2 Qxd4 33.
Qc8+ Kg7 34. Nd7 Qxb2+ 35. Kf1 Qb1+ 36. Ke2 Qe4+ 37. Kd1 Qd3+ 38. Kc1 Qc3+ 39.
Qxc3+ bxc3 40. Kc2 d4 41. g4 f6 42. h4 h5 43. g5 fxg5 44. hxg5 h4 45. Ne5 h3
46. Ng4 e5 0-1

[Event "Madrid-ch 2018-2019 - Semifinal"]
[Site "Madrid ESP"]
[Date "2019.05.14"]
[Round "9.13"]
[White "Garcia Galeote, Lorenzo"]
[Black "Sanchez Garcia, Aurelio"]
[Result "1/2-1/2"]
[WhiteElo "1873"]
[BlackElo "2042"]
[PlyCount "76"]
[EventDate "2019.05.06"]
[EventType "swiss"]
[EventRounds "9"]
[EventCountry "ESP"]
[SourceTitle "Ajedrez en Madrid"]
[Source "lmi"]
[SourceDate "2019.05.06"]
[SourceVersion "1"]
[SourceVersionDate "2019.05.20"]
[SourceQuality "2"]

1. d4 c5 2. e3 g6 3. Nf3 Bg7 4. Be2 Nf6 5. O-O O-O 6. c4 cxd4 7. Nxd4 Nc6 8.
Nxc6 dxc6 9. Nc3 Bf5 10. f3 Qxd1 11. Rxd1 Rfd8 12. e4 Rxd1+ 13. Nxd1 Be6 14.
Be3 Ne8 15. Rb1 Nd6 16. b3 a5 17. Nb2 b5 18. c5 Ne8 19. Nd3 a4 20. Nb4 axb3 21.
axb3 Bd7 22. Rd1 Ra1 23. Rxa1 Bxa1 24. Nc2 Bc3 25. Bd4 Bxd4+ 26. Nxd4 e5 27.
Nc2 Nc7 28. Nb4 Ne6 29. Nd3 f6 30. Bd1 g5 31. Kf2 Nd4 32. Ke3 Be6 33. Nc1 Kf7
34. g3 Bd7 35. b4 Be6 36. f4 Bc4 37. f5 Kg7 38. Kf2 Kh6 1/2-1/2

[Event "Madrid-ch 2018-2019 - Semifinal"]
[Site "Madrid ESP"]
[Date "2019.05.14"]
[Round "9.14"]
[White "Marin Aso, Jose Luis"]
[Black "Lopez Heras, Arturo"]
[Result "1-0"]
[WhiteElo "1912"]
[BlackElo "1818"]
[PlyCount "67"]
[EventDate "2019.05.06"]
[EventType "swiss"]
[EventRounds "9"]
[EventCountry "ESP"]
[SourceTitle "Ajedrez en Madrid"]
[Source "lmi"]
[SourceDate "2019.05.06"]
[SourceVersion "1"]
[SourceVersionDate "2019.05.20"]
[SourceQuality "2"]

1. c4 e6 2. Nc3 d5 3. e3 Nf6 4. Nf3 Be7 5. Be2 O-O 6. O-O Nbd7 7. b3 c6 8. Bb2
Ne4 9. Qc2 f5 10. d3 Nxc3 11. Bxc3 Bf6 12. d4 Qe8 13. Rfd1 Qg6 14. b4 h5 15. b5
Qh6 16. Rab1 g5 17. Ne5 Nxe5 18. dxe5 Be7 19. bxc6 bxc6 20. Qa4 Bd7 21. Rb7
Rfd8 22. Ba5 g4 23. Bxd8 Rxd8 24. Qxa7 g3 25. hxg3 h4 26. gxh4 f4 27. exf4 Bxh4
28. Rxd7 Bxf2+ 29. Qxf2 Rxd7 30. Rd3 Qh7 31. Rg3+ Kf8 32. Qc5+ Ke8 33. Bd3 Qh4
34. Rg8+ 1-0

[Event "Madrid-ch 2018-2019 - Semifinal"]
[Site "Madrid ESP"]
[Date "2019.05.14"]
[Round "9.15"]
[White "Vicente Sastre, Diego"]
[Black "Garcia Prados, David"]
[Result "1/2-1/2"]
[WhiteElo "1881"]
[BlackElo "1866"]
[PlyCount "49"]
[EventDate "2019.05.06"]
[EventType "swiss"]
[EventRounds "9"]
[EventCountry "ESP"]
[SourceTitle "Ajedrez en Madrid"]
[Source "lmi"]
[SourceDate "2019.05.06"]
[SourceVersion "1"]
[SourceVersionDate "2019.05.20"]
[SourceQuality "2"]

1. e4 c5 2. Nf3 e6 3. d3 Nc6 4. g3 d6 5. Bg2 Nf6 6. O-O Be7 7. Nbd2 Bd7 8. c3
Qc7 9. Re1 O-O 10. Nf1 Rfe8 11. a3 Rab8 12. Bg5 h6 13. Bd2 b5 14. Rc1 c4 15. d4
Na5 16. e5 Nd5 17. Ne3 Bc6 18. h4 Nb3 19. Rb1 Nxd2 20. Nxd2 Nxe3 21. Rxe3 Bxg2
22. Kxg2 dxe5 23. dxe5 Red8 24. Qc2 Qc6+ 25. Nf3 1/2-1/2

[Event "Madrid-ch 2018-2019 - Semifinal"]
[Site "Madrid ESP"]
[Date "2019.05.14"]
[Round "9.16"]
[White "Moreno Uribarri, Miguel"]
[Black "Rueda Maria, Ramiro"]
[Result "1/2-1/2"]
[WhiteElo "1674"]
[BlackElo "1843"]
[PlyCount "34"]
[EventDate "2019.05.06"]
[EventType "swiss"]
[EventRounds "9"]
[EventCountry "ESP"]
[SourceTitle "Ajedrez en Madrid"]
[Source "lmi"]
[SourceDate "2019.05.06"]
[SourceVersion "1"]
[SourceVersionDate "2019.05.20"]
[SourceQuality "2"]

1. e4 d5 2. exd5 Qxd5 3. Nc3 Qd8 4. d4 Nf6 5. Nf3 Bf5 6. Bc4 e6 7. Qe2 Be7 8.
Bd2 Bxc2 9. Ne5 O-O 10. Be3 Bg6 11. Qf3 c6 12. h4 Bb4 13. h5 Be4 14. Qg3 Nd5
15. Bh6 Qf6 16. Bg5 Qf5 17. Bh6 Qf6 1/2-1/2